Data structures and algorithms using Java / (Record no. 13788)
[ view plain ]
| 000 -LEADER | |
|---|---|
| fixed length control field | 01543cam a2200337 a 4500 |
| 001 - CONTROL NUMBER | |
| control field | 15226471 |
| 005 - DATE AND TIME OF LATEST TRANSACTION | |
| control field | 20090831121417.0 |
| 008 - FIXED-LENGTH DATA ELEMENTS--GENERAL INFORMATION | |
| fixed length control field | 080320s2009 maua | 001 0 eng |
| 010 ## - LIBRARY OF CONGRESS CONTROL NUMBER | |
| LC control number | 2008013120 |
| 020 ## - INTERNATIONAL STANDARD BOOK NUMBER | |
| International Standard Book Number | 9780763757564 (pbk.) |
| 020 ## - INTERNATIONAL STANDARD BOOK NUMBER | |
| International Standard Book Number | 076375756X (pbk.) |
| 035 ## - SYSTEM CONTROL NUMBER | |
| System control number | (OCoLC)ocn214066235 |
| 040 ## - CATALOGING SOURCE | |
| Original cataloging agency | DLC |
| Transcribing agency | DLC |
| Modifying agency | BTCTA |
| -- | BAKER |
| -- | YDXCP |
| -- | OCLCG |
| -- | C#P |
| -- | CDX |
| -- | BWX |
| -- | DLC |
| 050 00 - LIBRARY OF CONGRESS CALL NUMBER | |
| Classification number | QA76.9.A43 |
| Item number | M373 2009 |
| 082 00 - DEWEY DECIMAL CLASSIFICATION NUMBER | |
| Classification number | 005.133 |
| Edition number | 22 |
| Item number | MCA |
| 100 1# - MAIN ENTRY--PERSONAL NAME | |
| Personal name | McAllister, William |
| Fuller form of name | (William James) |
| 9 (RLIN) | 13140 |
| 245 10 - TITLE STATEMENT | |
| Title | Data structures and algorithms using Java / |
| Statement of responsibility, etc | William McAllister. |
| 260 ## - PUBLICATION, DISTRIBUTION, ETC. (IMPRINT) | |
| Place of publication, distribution, etc | Sudbury, Mass. : |
| Name of publisher, distributor, etc | Jones and Bartlett Publishers, |
| Date of publication, distribution, etc | c2009. |
| 300 ## - PHYSICAL DESCRIPTION | |
| Extent | xvi, 580 p. : |
| Other physical details | ill. ; |
| Dimensions | 24 cm. |
| 500 ## - GENERAL NOTE | |
| General note | Includes index. |
| 500 ## - GENERAL NOTE | |
| General note | Includes Glossary. |
| 500 ## - GENERAL NOTE | |
| General note | Donations. |
| 500 ## - GENERAL NOTE | |
| General note | Donated by:Dr. Khaled Nagaty. |
| 650 #0 - SUBJECT ADDED ENTRY--TOPICAL TERM | |
| Topical term or geographic name as entry element | Computer algorithms. |
| 9 (RLIN) | 13141 |
| 650 #0 - SUBJECT ADDED ENTRY--TOPICAL TERM | |
| Topical term or geographic name as entry element | Data structures (Computer science) |
| 9 (RLIN) | 13142 |
| 650 #0 - SUBJECT ADDED ENTRY--TOPICAL TERM | |
| Topical term or geographic name as entry element | Java (Computer program language) |
| 9 (RLIN) | 13143 |
| 856 41 - ELECTRONIC LOCATION AND ACCESS | |
| Materials specified | Table of contents only |
| Uniform Resource Identifier | <a href="http://www.loc.gov/catdir/toc/ecip0814/2008013120.html">http://www.loc.gov/catdir/toc/ecip0814/2008013120.html</a> |
| 942 ## - ADDED ENTRY ELEMENTS (KOHA) | |
| Source of classification or shelving scheme | Dewey Decimal Classification |
| Item type | Book - Borrowing |
| Withdrawn status | Item status | Source of classification or shelving scheme | Damaged status | Not for loan | Vendor | Home library | Current library | Shelving location | Date acquired | Source of acquisition | Total Checkouts | Total Renewals | Full call number | Barcode | Date last seen | Date last borrowed | Koha item type |
|---|---|---|---|---|---|---|---|---|---|---|---|---|---|---|---|---|---|
| Dewey Decimal Classification | Central Library | Central Library | Lower Floor | 25/03/2010 | 5 | 13 | 005.133 MCA | 000019778 | 15/07/2025 | 11/10/2016 | Book - Borrowing |